| 000 | 00415nam a2200181Ia 4500 | ||
|---|---|---|---|
| 005 | 20240823011914.0 | ||
| 008 | 240823s9999||||xx |||||||||||||| ||und|| | ||
| 041 | _aENGLISH | ||
| 082 | _A004.7 N9 | ||
| 100 | _a"Axelson,Jan" | ||
| 245 | 0 | _aUSB Complete | |
| 250 | _a1st | ||
| 260 |
_c1999 _b"Penram,Mumbai" |
||
| 500 | _aYES | ||
| 650 |
_aComputer Science _bComputer Science |
||
| 942 | _cBK | ||
| 999 |
_c162882 _d162882 |
||